Statistics for Walking across African Borders: from Lesotho to Gambia

Click here to take the quiz!

General Stats

  • This quiz has been taken 1,821 times
  • The average score is 35 of 46

Answer Stats

# Chars COUNTRY % Correct
12South Africa
100%
10Mozambique
90%
9Swaziland
90%
6Malawi
88%
6Zambia
86%
32Democratic Republic of the Congo
84%
8Zimbabwe
84%
6Angola
82%
7Namibia
82%
8Botswana
82%
6Uganda
79%
24Central African Republic
78%
5Kenya
78%
6Rwanda
77%
4Chad
77%
8Djibouti
77%
4Mali
76%
7Senegal
76%
7Eritrea
76%
7Somalia
76%
7Burundi
76%
8Tanzania
76%
21Republic of the Congo
75%
5Niger
75%
11South Sudan
75%
8Ethiopia
74%
5Libya
74%
4Togo
74%
7Morocco
74%
17Equatorial Guinea
74%
5Gabon
74%
5Egypt
74%
7Tunisia
73%
5Sudan
73%
7Nigeria
73%
10Mauritania
73%
8Cameroon
73%
5Ghana
73%
7Algeria
73%
6Guinea
72%
13Guinea-Bissau
72%
12Burkina Faso
71%
5Benin
71%
13Côte d'Ivoire
71%
7Liberia
71%
12Sierra Leone
71%

Score Distribution

Percentile by Number Answered

Percent of People with Each Score

Your Score History

You have not taken this quiz